| 000 | 01314cam a2200265 4500 | ||
|---|---|---|---|
| 001 | ABS67854 | ||
| 008 | 040520n2004 000 0 eng u | ||
| 035 | _a(Sirsi) u126247 | ||
| 100 | _aHeaton, P. | ||
| 245 | _aPower to the people | ||
| 260 | _c2004 | ||
| 490 |
_aGreen Places _v(5) May 2004, 20-26(7) |
||
| 520 | _aA series of articles on community consultations as part of the process of designing green spaces. The first article, "Power to the people", considers good community consultation as essential to design and provides guidance on how to approach a consultation. The second article, "Doing for themselves", discusses two case studies showing how two community groups carried out a consultation. The third article, "Delivering the goods", illustrates that, despite good community input, the final result may not be a good result, using a case of an urban square in Copenhagen. The final article, "Making it meaningful", is a personal view of community consultations by a consultation and participation officer. | ||
| 590 | _aABS | ||
| 590 | _aABS | ||
| 650 | _aPUBLIC CONSULTATIONS | ||
| 650 | _aGREEN SPACES | ||
| 650 | _aPUBLIC SPACE | ||
| 650 | _aPARKS AND GARDENS | ||
| 650 | _aDESIGNS | ||
| 690 | _aPLANNING | ||
| 700 | _aChard, R. | ||
| 700 | _aKorndorfer, J. | ||
| 942 | _n0 | ||
| 999 |
_c117382 _d117382 |
||